La calidad humana / (Record no. 117376)

MARC details
000 -LEADER
campo de control de longitud fija 00604nam a2200205 4500
001 - NÚMERO DE CONTROL
campo de control 117376
003 - IDENTIFICADOR DE NÚMERO DE CONTROL
campo de control ES-MaACL
005 - FECHA Y HORA DE LA ÚLTIMA TRANSACCIÓN
campo de control 20231002132753.0
007 - CAMPO FIJO DE DESCRIPCIÓN FÍSICA--INFORMACIÓN GENERAL
campo de control de longitud fija t|
008 - DATOS DE LONGITUD FIJA--INFORMACIÓN GENERAL
campo de control de longitud fija 070302s1977 sp r ||||1| spa d
100 1# - ENTRADA PRINCIPAL--NOMBRE DE PERSONA
Nombre de persona Peccei, Aurelio.
9 (RLIN) 89831
245 13 - MENCIÓN DEL TÍTULO
Título La calidad humana /
Mención de responsabilidad, etc. Aurelio Peccei ; versión de Joaquín Antuña.
260 ## - PUBLICACIÓN, DISTRIBUCIÓN, ETC.
Lugar de publicación, distribución, etc. Madrid :
Nombre del editor, distribuidor, etc. taurus,
Fecha de publicación, distribución, etc. 1977.
300 ## - DESCRIPCIÓN FÍSICA
Extensión 219 p. ;
Dimensiones 21 cm.
700 1# - ENTRADA AGREGADA--NOMBRE PERSONAL
Nombre de persona Antuña, Joaquín.
9 (RLIN) 22004
852 ## - LOCALIZACIÓN
Ubicación ES-MaACL
Número de control de estantería A-7600
itemnumber 121759
Ubicación en estantería Sala Pecera Planta 1
852 ## - LOCALIZACIÓN
Ubicación ES-MaACL
Número de control de estantería A-7602/Ej.1
Sublocalización o colección R.96076
itemnumber 121761
Ubicación en estantería Sala Pecera Planta 1
942 ## - ELEMENTOS DE ENTRADA SECUNDARIOS (KOHA)
Fuente del sistema de clasificación o colocación Clasificación decimal universal
Holdings
Estatus retirado Estado de pérdida Estado de daño No para préstamo Biblioteca de origen Biblioteca actual Ubicación en estantería Fecha de adquisición Fuente de adquisición Total de préstamos Signatura topográfica completa Código de barras Visto por última vez Precio de reemplazo Tipo de ítem Koha Fuente del sistema de clasificación o colocación Restricciones de uso
        Biblioteca del Ateneo de Madrid Biblioteca del Ateneo de Madrid Sala Pecera Planta 1 17/01/2008     A-7600 1122376 23/02/2023 23/02/2023 Libro impreso    
        Biblioteca del Ateneo de Madrid Biblioteca del Ateneo de Madrid Sala Pecera Planta 1 17/01/2008     A-7602/Ej.1 1122378 23/02/2023 23/02/2023 Libro impreso Clasificación decimal universal Duplicado